Polarizácia trhu práce v krajinách V4: technologický pokrok a zmeny v ponuke a dopyte po zručnostiach dizertačná práca
Salvato in:
| Autore principale: | |
|---|---|
| Enti autori: | , |
| Altri autori: | |
| Natura: | Libro |
| Lingua: | slovacco |
| Pubblicazione: |
Bratislava
2019
|
| Soggetti: | |
| Tags: |
Nessun Tag, puoi essere il primo ad aggiungerne!!
|
MARC
| LEADER | 00000nbm a2200000 4500 | ||
|---|---|---|---|
| 001 | 0257160 | ||
| 005 | 20230302102618.5 | ||
| 041 | 0 | |a slo | |
| 044 | |a SK | ||
| 245 | 1 | 0 | |a Polarizácia trhu práce v krajinách V4: technologický pokrok a zmeny v ponuke a dopyte po zručnostiach |b dizertačná práca |c Dávid Martinák ; školiteľ: Peter Staněk |
| 264 | 1 | |a Bratislava |c 2019 | |
| 300 | |a 87 s. | ||
| 610 | 2 | 0 | |a trh práce |
| 610 | 2 | 0 | |a hypotézy |
| 610 | 2 | 0 | |a pokrok technologický |
| 610 | 2 | 0 | |a zručnosti |
| 100 | 1 | |a Martinák, Dávid | |
| 700 | 1 | |a Staněk, Peter | |
| 710 | 2 | |a Ekonomická univerzita v Bratislave. Národohospodárska fakulta | |
| 710 | 2 | |a Slovenská akadémia vied. Ekonomický ústav | |